<?xml version="1.0" encoding="UTF-8"?>
<collection xmlns="http://www.loc.gov/MARC21/slim">
  <record>
    <leader>00000nam  2200000   4500</leader>
    <controlfield tag="001">INLIS000000000810386</controlfield>
    <controlfield tag="005">20251204092553</controlfield>
    <datafield tag="035" ind1="#" ind2="#">
      <subfield code="a">0010-1225000024</subfield>
    </datafield>
    <controlfield tag="007">ta</controlfield>
    <controlfield tag="008">251204###########################0######</controlfield>
    <datafield tag="082" ind1="#" ind2="#">
      <subfield code="a">378.166</subfield>
    </datafield>
    <datafield tag="084" ind1="#" ind2="#">
      <subfield code="a">378.166 SYA b</subfield>
    </datafield>
    <datafield tag="245" ind1="#" ind2="#">
      <subfield code="a">Sukses Tahdid Mustawa UIM :</subfield>
      <subfield code="b">Bedah bank soal persiapan tahdid mustawa UIM sesuai kisi kisi soal tahdid mustawa terbaru /</subfield>
      <subfield code="c">Syahrullah,Lc | Rahmad Sukadil,Lc</subfield>
    </datafield>
    <datafield tag="250" ind1="#" ind2="#">
      <subfield code="a">Cet. 1</subfield>
    </datafield>
    <datafield tag="260" ind1="#" ind2="#">
      <subfield code="a">Pasar Minggu :</subfield>
      <subfield code="b">Griya Edukasi Indonesia ( ITAF PRESS ),</subfield>
      <subfield code="c">2023</subfield>
    </datafield>
    <datafield tag="300" ind1="#" ind2="#">
      <subfield code="a">230 hlm ;</subfield>
      <subfield code="c">29 cm</subfield>
    </datafield>
    <datafield tag="520" ind1="#" ind2="#">
      <subfield code="a">Persiapan ujian masuk perguruan tinggi</subfield>
    </datafield>
  </record>
</collection>
